[Event "GER-chB Seniors 29th"]
[Site "Berlin"]
[Date "2017.08.16"]
[Round "9"]
[White "Hallmann, Eberhard"]
[Black "Kurpiela, Franz"]
[Result "0-1"]
[WhiteElo "1834"]
[BlackElo "1803"]
[PlyCount "136"]
[EventDate "2017.08.07"]
[EventType "swiss"]
[EventRounds "9"]
[EventCountry "GER"]
[SourceTitle "EXT 2019"]
[Source "ChessBase"]
[SourceDate "2018.10.10"]
[SourceVersion "1"]
[SourceVersionDate "2018.10.10"]
[SourceQuality "1"]

1. e4 e5 2. Nf3 Nf6 3. d3 Nc6 4. Nc3 Bb4 5. Bd2 d6 6. h3 0-0 7. Be2 Be6 8. 0-0 Bxc3 9. Bxc3 Nd7 10. d4 exd4 11. Nxd4 Ne7 12. f4 Nb6 13. Nxe6 fxe6 14. Qd4 e5 15. fxe5 Nc6 16. Rxf8+ Qxf8 17. Qe3 dxe5 18. Rf1 Qe7 19. Bb5 Nd8 20. a4 c6 21. a5 cxb5 22. axb6 a6 23. Qe2 Qe6 24. Qf2 Nc6 25. Qc5 Rc8 26. Qd5 Re8 27. Qc5 Nb8 28. Bxe5 Nd7 29. Qd6 Qxd6 30. Bxd6 Rxe4 31. Rf2 Re1+ 32. Kh2 Re6 33. Bc7 Nf6 34. Rd2 h5 35. Rd8+ Re8 36. Rd2 Kf7 37. c3 a5 38. b3 Ke6 39. Ra2 Ra8 40. Bg3 a4 41. bxa4 Rxa4 42. Rb2 Ra5 43. Be1 Ra1 44. Bf2 Ne4 45. Bd4 h4 46. Bf2 g5 47. g3 hxg3+ 48. Bxg3 Nxc3 49. Bf2 Ra2 50. Rxa2 Nxa2 51. Bd4 b4 52. Kg3 Kf5 53. Kf3 Nc3 54. Ke3 Nd5+ 55. Kd3 Nf4+ 56. Kc4 Nxh3 57. Bc5 Ke4 58. Be7 g4 59. Bh4 Nf4 60. Kxb4 Kd5 61. Kb5 Ne2 62. Kb4 g3 63. Kb5 g2 64. Bf2 g1Q 65. Bxg1 Nxg1 66. Kb4 Kc6 67. Ka5 Nf3 68. Kb4 Kxb6 0-1

[Event "GER-chA Seniors 28th"]
[Site "Niederhausen"]
[Date "2016.08.19"]
[Round "7"]
[White "Juergens, Peter1111"]
[Black "Hallmann, Eberhard"]
[Result "1-0"]
[WhiteElo "1931"]
[BlackElo "1857"]
[PlyCount "147"]
[EventDate "2016.08.13"]
[EventType "swiss"]
[EventRounds "9"]
[EventCountry "GER"]
[SourceTitle "EXT 2019"]
[Source "ChessBase"]
[SourceDate "2018.10.10"]
[SourceVersion "1"]
[SourceVersionDate "2018.10.10"]
[SourceQuality "1"]

1. d4 Nf6 2. Nf3 g6 3. Bf4 c5 4. e3 Bg7 5. c3 Qb6 6. Qb3 Nc6 7. Be2 Qxb3 8. axb3 cxd4 9. exd4 d5 10. 0-0 Bf5 11. h3 0-0 12. b4 a6 13. Na3 b5 14. g4 Bd7 15. Nd2 Rfe8 16. Nb3 Ra7 17. Nc5 Bc8 18. Rfe1 Nd7 19. Nc2 Nxc5 20. bxc5 e6 21. Be3 f6 22. f4 Kf7 23. Bf3 Rd7 24. Rad1 Bb7 25. Bf2 Red8 26. Ne3 Ne7 27. Nc2 Nc6 28. Bg3 Re8 29. Re2 h6 30. Ne3 Ne7 31. Kf2 Rdd8 32. Nc2 Nc6 33. Rde1 Bf8 34. f5 e5 35. dxe5 fxe5 36. Bxe5 Bxc5+ 37. Kg2 g5 38. Bg3 Rxe2+ 39. Rxe2 Ne7 40. Rd2 Rd7 41. Nd4 Bxd4 42. Rxd4 Ng8 43. Be1 Nf6 44. Rd1 Ne8 45. Bf2 Nf6 46. h4 gxh4 47. Bxh4 Nh7 48. Kf2 Nf6 49. Kg3 Bc6 50. Kf4 Re7 51. Bxf6 Kxf6 52. Bxd5 Bxd5 53. Rxd5 Re2 54. Rd6+ Kg7 55. Rg6+ Kh7 56. Rxa6 Rxb2 57. Ra7+ Kg8 58. Rb7 Rc2 59. Rxb5 Rxc3 60. Rb4 Rc7 61. Ke5 Rf7 62. f6 Kh7 63. Kf5 Ra7 64. Re4 Ra1 65. Re7+ Kg8 66. Kg6 Kf8 67. Rb7 Ra8 68. Kxh6 Kg8 69. g5 Kh8 70. Kg6 Kg8 71. Rg7+ Kh8 72. Re7 Rg8+ 73. Kh6 Rf8 74. f7 1-0

[Event "GER-chA Seniors 28th"]
[Site "Niederhausen"]
[Date "2016.08.15"]
[Round "3"]
[White "Gerhards, Walter"]
[Black "Hallmann, Eberhard"]
[Result "1-0"]
[WhiteElo "1916"]
[BlackElo "1857"]
[PlyCount "115"]
[EventDate "2016.08.13"]
[EventType "swiss"]
[EventRounds "9"]
[EventCountry "GER"]
[SourceTitle "EXT 2019"]
[Source "ChessBase"]
[SourceDate "2018.10.10"]
[SourceVersion "1"]
[SourceVersionDate "2018.10.10"]
[SourceQuality "1"]

1. e4 Nc6 2. d4 e5 3. d5 Nce7 4. c4 Nf6 5. Nc3 Ng6 6. Be2 Bb4 7. Qc2 Bxc3+ 8. bxc3 d6 9. h3 0-0 10. Nf3 Bd7 11. 0-0 h6 12. Nh2 Re8 13. Be3 b6 14. g4 Qc8 15. f3 a5 16. Rf2 Nh7 17. Qd2 Qd8 18. Nf1 Qh4 19. Rh2 Qe7 20. Qe1 Qf6 21. Qg3 Nf4 22. Bxf4 exf4 23. Qe1 g5 24. Qd2 Qe5 25. Qd3 Nf8 26. Nd2 a4 27. Kf2 Ng6 28. Rah1 Nh4 29. Nb1 Re7 30. Na3 Rae8 31. Rb1 f5 32. gxf5 Nxf5 33. Nb5 Bxb5 34. Rxb5 Ne3 35. Rh1 Ra8 36. Rhb1 Ra7 37. Qd4 Kf7 38. R1b2 Re8 39. a3 Kf6 40. Rd2 Rea8 41. Bd1 Qxd4 42. Rxd4 Ke5 43. Rb4 Ra5 44. Rd2 R8a7 45. Ke2 Ra8 46. Kd3 Nf1 47. Rf2 Ne3 48. Bc2 R8a7 49. h4 g4 50. fxg4 Nxg4 51. Rg2 Nf6 52. Rg6 f3 53. Ke3 f2 54. Bd3 Ra8 55. Rb2 Rg8 56. Rxg8 Nxg8 57. Rxf2 Ne7 58. Rf7 1-0

[Event "GER-chA Seniors 26th"]
[Site "Bad Neuenahr"]
[Date "2014.08.11"]
[Round "7"]
[White "Bachmann, Rolf"]
[Black "Hallmann, Eberhard"]
[Result "0-1"]
[WhiteElo "2041"]
[BlackElo "1908"]
[PlyCount "80"]
[EventDate "2014.08.05"]
[EventType "swiss"]
[EventRounds "9"]
[EventCountry "GER"]
[SourceTitle "EXT 2018"]
[Source "ChessBase"]
[SourceDate "2017.10.13"]
[SourceVersion "1"]
[SourceVersionDate "2017.10.13"]
[SourceQuality "1"]

1. c4 c5 2. Nc3 b6 3. Nf3 Bb7 4. e3 Nf6 5. d4 e6 6. Be2 Be7 7. 0-0 0-0 8. b3 d5 9. Bb2 cxd4 10. Nxd4 Nc6 11. cxd5 Nxd4 12. Qxd4 Bc5 13. Qe5 Bd6 14. Qd4 Bc5 15. Qd2 Nxd5 16. Bf3 Rb8 17. Nxd5 Bxd5 18. Bxd5 Qxd5 19. Qxd5 exd5 20. Rfd1 Rbd8 21. Rd3 Rd7 22. Rad1 Rfd8 23. e4 d4 24. f4 f6 25. Kf2 Kf7 26. g4 g6 27. Kf3 Ke6 28. f5+ Kf7 29. h4 a5 30. a4 Kg7 31. Bc1 Kf7 32. Re1 Re8 33. Bf4 gxf5 34. gxf5 Rde7 35. Re2 h5 36. Bg3 Rg8 37. e5 fxe5 38. Rd1 e4+ 39. Rxe4 Rxg3+ 40. Kxg3 Rxe4 0-1

[Event "GER-chA Seniors 26th"]
[Site "Bad Neuenahr"]
[Date "2014.08.10"]
[Round "6"]
[White "Juergens, Peter1111"]
[Black "Hallmann, Eberhard"]
[Result "1/2-1/2"]
[WhiteElo "2015"]
[BlackElo "1908"]
[PlyCount "101"]
[EventDate "2014.08.05"]
[EventType "swiss"]
[EventRounds "9"]
[EventCountry "GER"]
[SourceTitle "EXT 2018"]
[Source "ChessBase"]
[SourceDate "2017.10.13"]
[SourceVersion "1"]
[SourceVersionDate "2017.10.13"]
[SourceQuality "1"]

1. d4 Nf6 2. Nf3 d5 3. Bf4 e6 4. e3 Bd6 5. Bg3 h5 6. Nbd2 c6 7. Bd3 Qc7 8. Qe2 Nbd7 9. c3 c5 10. a3 c4 11. Bc2 a6 12. e4 Bxg3 13. hxg3 dxe4 14. Nxe4 Nxe4 15. Bxe4 Nf6 16. Ne5 Nxe4 17. Qxe4 Rb8 18. Qe2 g6 19. Qxc4 Qxc4 20. Nxc4 b5 21. Nd6+ Ke7 22. Nxc8+ Rhxc8 23. Kd2 Kd6 24. Rhc1 Kd5 25. Kd3 e5 26. dxe5 Kxe5 27. Re1+ Kd6 28. Re4 Re8 29. Rae1 Rxe4 30. Rxe4 Rb7 31. Re8 Kc6 32. Re4 Rd7+ 33. Kc2 a5 34. a4 bxa4 35. Rxa4 Kb5 36. b3 Re7 37. Rd4 Re2+ 38. Rd2 Re5 39. f3 Rg5 40. Kd3 f6 41. Ke3 Re5+ 42. Kf2 a4 43. c4+ Kb4 44. bxa4 Kxa4 45. Rd6 Rf5 46. Rd5 Rxd5 47. cxd5 Kb5 48. Ke3 Kc5 49. Ke4 Kd6 50. f4 Kc5 51. Ke3 1/2-1/2

[Event "GER-ch Seniors"]
[Site "Dresden"]
[Date "2012.08.17"]
[Round "9"]
[White "Hallmann, Eberhard"]
[Black "Schnaitmann, Herbert"]
[Result "0-1"]
[WhiteElo "1888"]
[BlackElo "2022"]
[PlyCount "106"]
[EventDate "2012.08.09"]
[EventType "swiss"]
[EventRounds "9"]
[EventCountry "GER"]
[SourceTitle "EXT 2014"]
[Source "ChessBase"]
[SourceDate "2013.11.20"]
[SourceVersion "1"]
[SourceVersionDate "2013.11.20"]
[SourceQuality "1"]

1. e4 c6 2. d4 d5 3. exd5 Qxd5 4. Nf3 Nf6 5. h3 Bf5 6. Bd3 Bg6 7. 0-0 e6 8. c4 Qd8 9. Bg5 Qb6 10. b3 Be7 11. Nc3 Nbd7 12. Be3 Qa5 13. Ne2 Ne4 14. Qc2 Nef6 15. Ng3 Bxd3 16. Qxd3 0-0 17. Bd2 Qc7 18. Bc3 Rfd8 19. Qe2 Bf8 20. Rfe1 g6 21. Ng5 Re8 22. Qf3 Bg7 23. N3e4 h6 24. Nxf6+ Nxf6 25. Ne4 Nxe4 26. Rxe4 Rad8 27. Rae1 Rd7 28. Qe3 Red8 29. g3 Qb6 30. Kg2 Qa6 31. Re2 c5 32. d5 exd5 33. Re8+ Kh7 34. Bxg7 Kxg7 35. Qe5+ Qf6 36. Qe3 d4 37. Qe4 Rxe8 38. Qxe8 Qa6 39. Kh2 d3 40. Rd2 Qe6 41. Qxe6 fxe6 42. f4 g5 43. fxg5 hxg5 44. Kg2 e5 45. Kf3 Rd4 46. Ke3 e4 47. Rf2 b6 48. Kd2 Kg6 49. Ke3 Rd6 50. g4 Rf6 51. Rh2 Rf4 52. h4 Rxg4 53. hxg5 Kxg5 0-1

[Event "Wuerttemberg-chB"]
[Site "Balingen"]
[Date "2006.08.28"]
[Round "3"]
[White "Ruprich, Udo"]
[Black "Hallmann, Eberhard"]
[Result "1/2-1/2"]
[WhiteElo "2029"]
[BlackElo "1995"]
[PlyCount "118"]
[EventDate "2006.08.26"]
[EventType "swiss"]
[EventRounds "9"]
[EventCountry "GER"]
[SourceTitle "EXT 2007"]
[Source "ChessBase"]
[SourceDate "2006.11.23"]
[SourceVersion "1"]
[SourceVersionDate "2006.11.23"]
[SourceQuality "1"]

1. e4 Nc6 2. d4 e5 3. Nf3 exd4 4. Nxd4 Bc5 5. Nxc6 Qf6 6. Qe2 Qxc6 7. Nc3 Ne7 8. Bd2 a6 9. g3 0-0 10. Bg2 b5 11. Nd5 Nxd5 12. exd5 Qb6 13. 0-0 Bb7 14. Qg4 f5 15. Qh5 Rae8 16. b4 Bd4 17. c3 g6 18. Qf3 Bg7 19. Rfe1 Qf6 20. Rac1 Qf7 21. Qd3 Rxe1+ 22. Rxe1 Re8 23. Rxe8+ Qxe8 24. c4 d6 25. c5 Qe5 26. c6 Bc8 27. Qb1 Kf7 28. Kf1 Bf6 29. h4 h5 30. Bf3 Kf8 31. Qd1 Qb2 32. Qe2 Qd4 33. Bh6+ Kf7 34. Bd2 Qa1+ 35. Qd1 Qxa2 36. Bxh5 Qxd5 37. Bf3 Qd4 38. Qc1 Qa1 39. Ke2 Qxc1 40. Bxc1 Bc3 41. Ba3 Be6 42. Kd3 Bf6 43. Bc1 Bc4+ 44. Kc2 Ke7 45. Bd2 Bd4 46. Be1 Ke6 47. g4 Bf6 48. g5 Be5 49. Bd2 d5 50. h5 gxh5 51. Bxh5 d4 52. f4 Bg7 53. Be8 Ke7 54. Bg6 Be6 55. Be1 Kd6 56. Be8 Bd5 57. Bd7 Be6 58. Bf2 Ke7 59. Kd3 Bc4+ 1/2-1/2